Otava

Bibliographic Details
Main Author: Kasarda, Mikuláš, 1925-2013 (Author)
Format: Article
Language:Slovak
Subjects:

MARC

LEADER 00000nab a2200000 a 4500
001 vtls000362898
003 SK-MaSNL
005 20260304013802.0
008 241209c1989 xo 0 slo
015 |a SNBRB19rr/mm-uuuuu 
035 |a CL0363020 
040 |a SNKBUCL  |b slo  |c SNKBUCL  |e AACR2 
041 0 |a slo 
044 |a xo  |c SK 
080 |a 885.4-1  |2 1981 
100 1 |a Kasarda, Mikuláš,  |d 1925-2013  |4 aut  |9 98932 
245 1 0 |a Otava  |c Mikuláš Kasarda 
655 7 |a slovenská poézia  |2 snkbucl  |9 70444 
655 7 |a články z novín a časopisov  |2 snkbucl  |9 267496 
655 7 |a články z odboru literárna veda a krásna literatúra  |2 snkbucl  |9 770045 
773 0 |t Východoslovenské noviny  |g Roč. 37, č. 206 (1. 9. 1989) 
850 |a Slovenská národná knižnica 
852 |a Slovenská národná knižnica 
958 |a RK 
958 |a LX 
992 |a RBX 
999 |c 2578073  |d 2580003